Paris architecture & design / (Record no. 353932)
[ view plain ]
| 000 -LEADER | |
|---|---|
| fixed length control field | 01452nam a2200229 a 4500 |
| 001 - CONTROL NUMBER | |
| control field | ASIN393771880X |
| 003 - CONTROL NUMBER IDENTIFIER | |
| control field | OSt |
| 005 - DATE AND TIME OF LATEST TRANSACTION | |
| control field | 20180116192422.0 |
| 008 - FIXED-LENGTH DATA ELEMENTS--GENERAL INFORMATION | |
| fixed length control field | 140407s2007 xxu eng d |
| 020 ## - INTERNATIONAL STANDARD BOOK NUMBER | |
| International Standard Book Number | 393771880X (hardcover) |
| Terms of availability | $59.95 |
| 020 ## - INTERNATIONAL STANDARD BOOK NUMBER | |
| International Standard Book Number | 9783937718804 (hardcover) |
| 040 ## - CATALOGING SOURCE | |
| Transcribing agency | sada |
| 082 ## - DEWEY DECIMAL CLASSIFICATION NUMBER | |
| Classification number | 720.944 |
| Author Mark | PAR 2007 |
| 245 10 - TITLE STATEMENT | |
| Title | Paris architecture & design / |
| Statement of responsibility, etc. | Daab. |
| 250 ## - EDITION STATEMENT | |
| Edition statement | Mul ed. |
| 260 ## - PUBLICATION, DISTRIBUTION, ETC. | |
| Place of publication, distribution, etc. | [S.l.] : |
| Name of publisher, distributor, etc. | daab, |
| Date of publication, distribution, etc. | 2007. |
| 300 ## - PHYSICAL DESCRIPTION | |
| Extent | 237 p. ; |
| Dimensions | 33 cm. |
| 520 ## - SUMMARY, ETC. | |
| Summary, etc. | It has been the French revolution that has paved the way for an inventive and creative spirit in the arts, architecture, literature, and music that enhanced the development of science and technology of the future. Even a few years back, on the 200th anniversary of the revolution, the city presented more breath-taking monuments to modern architecture, which rival any in Europe. This book presents new and innovative projects by architects, who on the one hand, bear witness to the desire to combine environmentalism with the urban needs and, on the other, to the diversity of influence and changes needed in the architectural outlook. All projects will be listed in alphabetical order to the architects and designers, presented in a very clear layout. As far as available floor plans will give additional insights. |
| 700 1# - ADDED ENTRY--PERSONAL NAME | |
| Personal name | Daab. |
| 9 (RLIN) | 7486 |
| 856 40 - ELECTRONIC LOCATION AND ACCESS | |
| Materials specified | Amazon.com |
| Uniform Resource Identifier | <a href="http://www.amazon.com/exec/obidos/ASIN/393771880X/chopaconline-20">http://www.amazon.com/exec/obidos/ASIN/393771880X/chopaconline-20</a> |
| 942 ## - ADDED ENTRY ELEMENTS (KOHA) | |
| Source of classification or shelving scheme | |
| Koha item type | Book |
| Withdrawn status | Lost status | Source of classification or shelving scheme | Damaged status | Not for loan | Permanent Location | Current Location | Date acquired | Total Checkouts | Total Renewals | Full call number | Barcode | Date last seen | Date last checked out | Cost, replacement price | Price effective from | Koha item type |
|---|---|---|---|---|---|---|---|---|---|---|---|---|---|---|---|---|
| School of Art Design and Architecture (SADA) | School of Art Design and Architecture (SADA) | 04/04/2014 | 1 | 1 | 720.944 PAR 2007 | SADA0002281 | 02/10/2015 | 12/16/2014 | 6679.96 | 04/07/2014 | Book |
